000 00713cam a22002533a 4500
001 1465
003 PGUSA
005 20140828083001.0
008 980901s1998||||xxu|||||s|||||000 1 eng d
040 _aPGUSA
_beng
042 _adc
050 4 _aPR
100 1 _aDickens, Charles,
_d1812-1870
245 1 4 _aThe Wreck of the Golden Mary
_h[electronic resource] /
_cCharles Dickens
260 _bProject Gutenberg,
_c1998
506 _aPublic domain in the USA.
516 _aElectronic text
653 _aSea stories
653 _aGold mines and mining -- Fiction
653 _aShipwrecks -- Fiction
830 0 _aProject Gutenberg
_v1465
856 4 0 _uhttp://www.gutenberg.org/ebooks/1465
942 _cEB
999 _c230813
_d230813